000 00920nam0a22002771 4500
001 rc\3487633
005 20250610023453.0
021 _aRU
_b[72-46858]
035 _a(NLR Aleph) 007647692
090 _a6194761
_c6194761
100 _a20130115d1972 |||y0rusy50 ca
101 1 _arus
_ckaz
102 _aRU
105 _ay z |||a|
200 1 _aИспытание
_eРоман
_fПер. с каз. З. Николаевой
210 _aАлма-Ата
_cЖазушы
_d1972
215 _a224 с.
_d20
606 _aМеханизаторы сельского хозяйства (х. л.)
_2psbo
606 _aМашиностроители в Киргизской ССР (х. л.)
_2psbo
700 1 _aНуртазин
_bТ.
_f1907-1977
_gТемиргали
702 1 _aНиколаева
_bЗ.
_4730
801 0 _aRU
_bNLR
_gpsbo
801 1 _aRU
_bELAR
_2rusmarc
852 _aNLR
_j72-3/5931
942 _cBOOK
980 _aNB